Los comuneros en el contexto de la lucha de clases / (Registro nro. 30539)

Detalles MARC
000 -LEADER
fixed length control field 00686nam a22002177a 4500
003 - CONTROL NUMBER IDENTIFIER
control field OSt
005 - DATE AND TIME OF LATEST TRANSACTION
control field 20240712111328.0
008 - FIXED-LENGTH DATA ELEMENTS--GENERAL INFORMATION
fixed length control field 240208s1983 ck er 000 0 spa d
037 ## - SOURCE OF ACQUISITION
Materials specified Donación
040 ## - CATALOGING SOURCE
Original cataloging agency CO-JMCR
Transcribing agency CO-JMCR
Modifying agency CO-JMCR
Description conventions rda
Language of cataloging spa
041 0# - LANGUAGE CODE
Language code of text/sound track or separate title spa
082 04 - DEWEY DECIMAL CLASSIFICATION NUMBER
Edition number 23
Classification number 986.123
Item number C33c
100 1# - MAIN ENTRY--PERSONAL NAME
Personal name Casas, Ulises
Relator term autor
9 (RLIN) 43306
245 14 - TITLE STATEMENT
Title Los comuneros en el contexto de la lucha de clases /
Statement of responsibility, etc. Ulises Casas
260 ## - PUBLICATION, DISTRIBUTION, ETC.
Place of publication, distribution, etc. Bogotá :
Name of publisher, distributor, etc. Temis ,
Date of publication, distribution, etc. 1983
300 ## - PHYSICAL DESCRIPTION
Extent 188 páginas ;
Dimensions 21 cm.
650 14 - SUBJECT ADDED ENTRY--TOPICAL TERM
Source of heading or term JMCR
Topical term or geographic name entry element Rebelion de los comuneros
Geographic subdivision Colombia
9 (RLIN) 43307
650 24 - SUBJECT ADDED ENTRY--TOPICAL TERM
Source of heading or term JMCR
Topical term or geographic name entry element Lucha de clases
Chronological subdivision 1781
9 (RLIN) 43308
650 34 - SUBJECT ADDED ENTRY--TOPICAL TERM
Topical term or geographic name entry element Rebeliones
General subdivision Historia
9 (RLIN) 43309
942 ## - ADDED ENTRY ELEMENTS (KOHA)
Source of classification or shelving scheme Dewey Decimal Classification
Koha item type Books
Existencias
Withdrawn status Lost status Source of classification or shelving scheme Damaged status Not for loan Home library Current library Shelving location Date acquired Source of acquisition Total Checkouts Full call number Barcode Date last seen Date last checked out Copy number Price effective from Koha item type
    Dewey Decimal Classification     Biblioteca Pública José María del Castillo y Rada Biblioteca Pública José María del Castillo y Rada General Stacks 12/06/2021 Donación 1 986.123 C33c 201811303 07/22/2024 07/22/2024 Ej. 1 02/08/2024 Books